000 00856cam a2200253 i 4500
001 34277
003 Mx-PuUPA
005 20230922151206.0
008 140415s1973 mx ab gr 001 0 spa d
040 _aMx-PuUPA
_bspa
_cMx-PuUPA
_dMx-PuUPA
_erda
041 0 _aspa
110 2 _aReader's Digest México,
_96672
245 0 0 _aMéxico :
_bnuestra gran herencia /
_cSelecciones del Reader's Digest®
264 1 _aMéxico, D.F. :
_bReader's Digest México,
_c©1973
300 _a383 páginas :
_bilustraciones, mapas ;
_c29 cm.
336 _2rdacontent
_atexto
_btxt
337 _2rdamedia
_asin medio
_bn
338 _2rdacarrier
_avolumen
_bnc
651 4 _aMéxico
_xHistoria
942 _2ddc
_cLI
_h972
_iM65
999 _c34277
_d34277